|
|
|
|
| LEADER |
00000cas a2200000 i 4500 |
| 001 |
vtls008883757 |
| 003 |
SK-MaSNL |
| 005 |
20260228162212.0 |
| 008 |
160624d19701993xr qr p|r 0 0 b0czeoc |
| 022 |
|
|
|a 0862-6340
|
| 035 |
|
|
|a (SVKBB03)vtls000138707
|
| 040 |
|
|
|a SVKBB
|b slo
|c SVKBB
|d SNK
|e AACR2
|
| 041 |
0 |
|
|a cze
|
| 044 |
|
|
|a xr
|c CZ
|
| 072 |
|
7 |
|a 79
|x Rekreácia. Voľný čas. Zábavy. Hry. Šport
|2 konspekt
|
| 080 |
|
|
|a 79(051)
|2 2011
|
| 080 |
|
|
|a 79
|2 2011
|
| 080 |
|
|
|a 050
|2 2011
|
| 210 |
0 |
|
|a Mag. Dikobrazu
|
| 222 |
|
0 |
|a Magazín Dikobrazu
|
| 245 |
0 |
0 |
|a Magazín Dikobrazu
|b s úsměvem jde všechno líp
|
| 260 |
|
|
|a Praha
|b Deltapress
|c 1970-1993
|
| 300 |
|
|
|a zv.
|c 30 cm
|
| 310 |
|
|
|a 4x ročne
|
| 321 |
|
|
|a 1x ročne
|
| 362 |
0 |
|
|a 1970-1993
|
| 500 |
|
|
|a Vydavateľ od 15.7.1993: Impuls
|
| 650 |
0 |
7 |
|a zábava
|2 SNKPH
|9 3354
|
| 655 |
|
7 |
|a zábavné časopisy
|2 SNKPH
|9 145589
|
| 910 |
|
|
|a snk
|
| 999 |
|
|
|c 7108
|d 9038
|
| 952 |
|
|
|0 0
|1 1
|4 0
|7 0
|a SNK
|b SNK
|d 2011-03-23
|i snkČIP 1224/95
|l 0
|o snkČB 3990/1993
|p 17A0692636
|r 2026-02-21 19:32:40
|t č. 1
|w 2026-02-21
|y PREZ
|
| 952 |
|
|
|0 0
|1 1
|4 0
|7 0
|a SNK
|b SNK
|d 2011-03-23
|i snkČIP 6329/93
|l 0
|o snkČB 3990/1992
|p 17A0692589
|r 2026-02-21 19:56:48
|t č. 1-4
|w 2026-02-21
|y PREZ
|
| 952 |
|
|
|0 0
|1 1
|4 0
|7 0
|a SNK
|b SNK
|d 2011-03-23
|i snkČIP 1470/93
|l 0
|o snkČB 3990/1991
|p 17A0692613
|r 2026-02-21 19:56:48
|t č. 1-4
|w 2026-02-21
|y PREZ
|
| 952 |
|
|
|0 0
|1 1
|4 0
|7 0
|a SNK
|b SNK
|d 2011-03-23
|i snkČIP 1468/93
|l 0
|o snkČB 3990/1990
|p 17A0692614
|r 2026-02-21 19:56:48
|t č. 1-4
|w 2026-02-21
|y PREZ
|
| 952 |
|
|
|0 0
|1 1
|4 0
|7 0
|a SNK
|b SNK
|d 2011-03-23
|i snkČIP 3377/89
|l 0
|o snkČB 3990/1988
|p 17A0692609
|r 2026-02-21 19:56:48
|t č. 1-4
|w 2026-02-21
|y PREZ
|
| 952 |
|
|
|0 0
|1 1
|4 0
|7 0
|a SNK
|b SNK
|d 2011-03-23
|i snkČIP 3375/89
|l 0
|o snkČB 3990/1987
|p 17A0692608
|r 2026-02-21 19:56:48
|t č. 1-4
|w 2026-02-21
|y PREZ
|
| 952 |
|
|
|0 0
|1 1
|4 0
|7 0
|a SNK
|b SNK
|d 2011-03-23
|i snkČIP 3071/87
|l 0
|o snkČB 3990/1986
|p 17A0692597
|r 2026-02-21 19:56:48
|t č. 1-4
|w 2026-02-21
|y PREZ
|
| 952 |
|
|
|0 0
|1 1
|4 0
|7 0
|a SNK
|b SNK
|d 2011-03-23
|i snkČIP 700/80
|l 0
|o snkČB 3990/1980
|p 17A0692605
|r 2026-02-21 19:56:48
|t č. 1-3
|w 2026-02-21
|y PREZ
|
| 952 |
|
|
|0 0
|1 1
|4 0
|7 0
|a SNK
|b SNK
|d 2011-03-23
|i snkČIP 1372/80
|l 0
|o snkČB 3990/1979
|p 17A0692598
|r 2026-02-21 19:56:49
|t č. 1-2 + mim. č.
|w 2026-02-21
|y PREZ
|
| 952 |
|
|
|0 0
|1 1
|4 0
|7 0
|a SNK
|b SNK
|d 2011-03-23
|i snkKIP 1639/85
|l 0
|o snkČB 3990/1984/1
|p 17A0692617
|r 2026-02-21 19:56:49
|w 2026-02-21
|y PREZ
|
| 952 |
|
|
|0 0
|1 1
|4 0
|7 0
|a SNK
|b SNK
|d 2011-03-23
|i snkKIP 1635/85
|l 0
|o snkČB 3990/1984/2
|p 17A0692616
|r 2026-02-21 19:56:49
|w 2026-02-21
|y PREZ
|
| 952 |
|
|
|0 0
|1 1
|4 0
|7 0
|a SNK
|b SNK
|d 2011-03-23
|i snkKIP 1515/85
|l 0
|o snkČB 3990/1983
|p 17A0692604
|r 2026-02-21 19:56:49
|w 2026-02-21
|y PREZ
|
| 952 |
|
|
|0 0
|1 1
|4 0
|7 0
|a SNK
|b SNK
|d 2011-03-23
|i snkKIP 1963/85
|l 0
|o snkČB 3990/1981/1
|p 17A0692607
|r 2026-02-21 19:56:49
|w 2026-02-21
|y PREZ
|
| 952 |
|
|
|0 0
|1 1
|4 0
|7 0
|a SNK
|b SNK
|d 2011-03-23
|i snkKIP 1633/85
|l 0
|o snkČB 3990/1981/2
|p 17A0692606
|r 2026-02-21 19:56:49
|w 2026-02-21
|y PREZ
|
| 952 |
|
|
|0 0
|1 1
|4 0
|7 0
|a SNK
|b SNK
|d 2011-03-23
|i snkKIP 1637/85
|l 0
|o snkČB 3990/1981/3
|p 17A0692602
|r 2026-02-21 19:56:49
|w 2026-02-21
|y PREZ
|
| 952 |
|
|
|0 0
|1 1
|4 0
|7 0
|a SNK
|b SNK
|d 2011-03-23
|i snkČIP 3735/86
|l 0
|o snkČB 3990/1985
|p 17A0692018
|r 2026-02-21 20:07:45
|t č. 1-4
|w 2026-02-21
|y PREZ
|
| 952 |
|
|
|0 0
|1 1
|4 0
|7 0
|a SNK
|b SNK
|d 2011-03-23
|i snkČIP 3575/90
|l 0
|o snkČB 3990/1989
|p 17A0692615
|r 2026-02-21 20:09:04
|t č. 1-4
|w 2026-02-21
|y PREZ
|
| 952 |
|
|
|0 0
|1 1
|4 0
|7 0
|a SNK
|b SNK
|d 2010-03-16
|i snkKIP 4555/76
|l 0
|o snkČB 3990/1970
|p 17A0648590
|r 2026-02-21 21:42:03
|w 2026-02-21
|y PREZ
|
| 952 |
|
|
|0 0
|1 1
|4 0
|7 0
|a SNK
|b SNK
|d 2010-03-16
|i snkKIP 4557/76
|l 0
|o snkČB 3990/1971
|p 17A0648210
|r 2026-02-21 21:42:03
|w 2026-02-21
|y PREZ
|
| 952 |
|
|
|0 0
|1 1
|4 0
|7 0
|a SNK
|b SNK
|d 2010-03-16
|i snkKIP 4559/76
|l 0
|o snkČB 3990/1972
|p 17A0648276
|r 2026-02-21 21:42:03
|w 2026-02-21
|y PREZ
|
| 952 |
|
|
|0 0
|1 1
|4 0
|7 0
|a SNK
|b SNK
|d 2010-03-16
|i snkKIP 4561/76
|l 0
|o snkČB 3990/1973
|p 17A0648143
|r 2026-02-21 21:42:03
|w 2026-02-21
|y PREZ
|
| 952 |
|
|
|0 0
|1 1
|4 0
|7 0
|a SNK
|b SNK
|d 2010-03-16
|i snkKIP 4563/76
|l 0
|o snkČB 3990/1974
|p 17A0648561
|r 2026-02-21 21:42:03
|w 2026-02-21
|y PREZ
|
| 952 |
|
|
|0 0
|1 1
|4 0
|7 0
|a SNK
|b SNK
|d 2010-03-16
|i snkKIP 4565/76
|l 0
|o snkČB 3990/1975
|p 17A0648279
|r 2026-02-21 21:42:03
|w 2026-02-21
|y PREZ
|
| 952 |
|
|
|0 0
|1 1
|4 0
|7 0
|a SNK
|b SNK
|d 2010-03-16
|i snkČIP 1246/79
|l 0
|o snkČB 3990/1976
|p 17A0648299
|r 2026-02-21 21:42:03
|w 2026-02-21
|y PREZ
|
| 952 |
|
|
|0 0
|1 1
|4 0
|7 0
|a SNK
|b SNK
|d 2010-03-16
|i snkČIP 1248/79
|l 0
|o snkČB 3990/1977
|p 17A0648298
|r 2026-02-21 21:42:03
|w 2026-02-21
|y PREZ
|